Nel fuoco : (alla fine del sogno) /

Saved in:
Bibliografiske detaljer
Hovedforfatter: Nicodemo, Marcello (Author)
Format: Bog
Sprog:italiensk
Udgivet: Montesilvano : oltreleparole.net, c2009
Tags: Tilføj Tag
Ingen Tags, Vær først til at tagge denne postø!

MARC

LEADER 00000nam a22000007i 4500
001 IT\ICCU\UBO\3735473
003 ItRI
005 20260115232154.0
008 091214s2009 it |||||| ||||| |||||c
020 |a 9788890122736 
040 |b ita  |c importazione bologna sebina 
041 7 |a ita  |2 ISO-639-2 
100 1 |a Nicodemo, Marcello  |0 IT\ICCU\RMRV\015857  |4 aut 
245 1 0 |a Nel fuoco :  |b (alla fine del sogno) /  |c Marcello Nicodemo. 
260 |a Montesilvano :  |b oltreleparole.net,  |c c2009 
300 |a 168 p. ;  |c 20 cm. 
942 |2 ddc  |c BK  |n 0 
952 |0 0  |1 0  |4 0  |6 DOC_853_920000000000000_NIC  |7 0  |9 21372  |a BO  |b BO  |d 2026-01-15  |i 13207  |l 0  |o DOC 853.92 NIC  |p BO13207  |r 2026-01-15 23:21:54  |w 2026-01-15  |x [Sebina 5] [1 v.]  |y BK  |z 1 v. 
999 |c 18258  |d 18258